[Event "Brussels FEFB-ch"]
[Site "Brussels"]
[Date "2011.06.05"]
[Round "7"]
[White "Brouri Mohand, Salah"]
[Black "Werner, Yvan"]
[Result "0-1"]
[WhiteElo "2031"]
[BlackElo "2090"]
[PlyCount "72"]
[EventDate "2011.06.01"]
[EventType "tourn"]
[EventRounds "7"]
[EventCountry "BEL"]
[SourceTitle "CBM 142 Extra"]
[Source "ChessBase"]
[SourceDate "2011.06.27"]
[SourceVersion "1"]
[SourceVersionDate "2011.06.27"]
[SourceQuality "1"]

1. d4 Nf6 2. c4 g6 3. f3 d5 4. cxd5 Nxd5 5. e4 Nb6 6. Nc3 Bg7 7. Be3 Nc6 8. Bb5 0-0 9. Nge2 f5 10. Qb3+ Kh8 11. Bxc6 bxc6 12. 0-0 Ba6 13. Rfe1 fxe4 14. fxe4 Rb8 15. Qc2 Nc4 16. Bc1 Bxd4+ 17. Nxd4 Qxd4+ 18. Kh1 Rf2 19. Ne2 Qf6 20. Rb1 Ne5 21. Be3 Bd3 22. Qd1 Rxg2 23. Nf4 Rxh2+ 24. Kxh2 Qh4+ 25. Kg1 Qg3+ 26. Ng2 Bxe4 27. Re2 Bxg2 28. Rxg2 Qxe3+ 29. Kh2 Nf3+ 30. Kh3 Ne1+ 31. Rg3 Qh6+ 32. Kg4 Qh5+ 33. Kf4 Rf8+ 34. Ke4 Qf5+ 35. Ke3 Qe5+ 36. Kd2 Rd8+ 0-1

[Event "BEL FEFB-ch"]
[Site "Fontaine l'Eveque"]
[Date "2009.05.30"]
[Round "2"]
[White "Duhayon, Yves"]
[Black "Brouri Mohand, Salah"]
[Result "1-0"]
[WhiteElo "2227"]
[BlackElo "1923"]
[PlyCount "30"]
[EventDate "2009.05.29"]
[EventType "tourn"]
[EventRounds "7"]
[EventCountry "BEL"]
[SourceTitle "EXT 2010"]
[Source "ChessBase"]
[SourceDate "2010.11.25"]
[SourceVersion "1"]
[SourceVersionDate "2010.11.25"]
[SourceQuality "1"]

1. d4 Nf6 2. c4 e6 3. Nc3 d5 4. Bg5 Nbd7 5. e3 Be7 6. Nf3 0-0 7. Rc1 c6 8. Qc2 Re8 9. a3 a6 10. h3 Nf8 11. c5 h6 12. Bf4 b6 13. Be2 Ng6 14. Bh2 e5 15. 0-0 Be6 1-0